Wird geladen...

The city : a world history /

Bibliographische Detailangaben
1. Verfasser: Lees, Andrew
Format: Printed Book
Schriftenreihe:New Oxford world history
Schlagworte:
LEADER 00934cam a2200241 i 4500
010 |a  2015003459 
020 |a 9780199859528(hardback:alk.paper) 
020 |a 9780199859542(pbk.:alk.paper) 
042 |a pcc 
050 0 0 |a HT111  |b .L44 2015 
082 0 0 |a 307.7609 
100 1 |a Lees, Andrew, 
245 1 4 |a The city :  |b a world history /  |c Andrew Lees. 
300 |a x, 145 pages ;  |c 25 cm. 
490 0 |a New Oxford world history 
504 |a Includes bibliographical references (pages 127-138) and index. 
650 0 |a Cities and towns 
650 0 |a Cities and towns 
906 |a 7  |b cbc  |c orignew  |d 1  |e ecip  |f 20  |g y-gencatlg 
942 |c BK 
955 |b rm15 2015-02-13  |i rm15 2015-02-13 (telework)  |a rm15 2015-02-13 to Dewey  |a xn12 2015-12-11 1 copy rec'd., to CIP ver. 
999 |c 290879  |d 290879 
952 |0 0  |1 0  |4 0  |6 307_760900000000000_LEE_C  |7 0  |9 331128  |a HIS  |b HIS  |c ST1  |d 2017-05-03  |i 25324  |l 0  |o 307.7609 LEE/C  |p HIS25324  |r 2018-08-23  |w 2018-08-23  |y BK